Регионална библиотека "Любен Каравелов" - Русе

Ръководство за практически упражнения по патологична анатомия (Запис номер 204420)

MARC детайли
000 -Лидер
Контролно поле с фиксирана дължина 01939nam a2200301 c 4500
003 - Код на организацията, давaща контролен номер
Контролно поле BLK
005 - Дата и час на последна редакция
Контролно поле 20180422120649.0
008 - Елементи от данни с фиксирана дължина
fixed length control field 180411b bul|||||r ||||||| ||bul||
010 ## - Наследен системен номер
LC control number KNG00213979000
040 ## - Източник на каталожния запис
Идентификатор на билиотеката - собственик на записа BLK
041 ## - Код за език
Код за езика на текст/звукозапис или на отделно заглавие Български
Код за езика КДБФ Български
080 ## - УДК
Текстов определител УДК Патологична анатомия. Хистопатология. Цитопатология (Общи въпроси)
УДК код - определител по УДК 616-091
УДК определител (075.8)
УДК - код + определител 616-091(075.8)
100 1# - Редна дума - Автор
Автор Анави, Бенямин Леон
Авторска отговорност първи автор
R(LIN) 383456
139 ## - Редно поле
Редна дума Ръководство за практически упражнения по патологична анатомия
Авторски знак Ръ - Р 97
245 10 - Сведения за заглавието
Заглавие Ръководство за практически упражнения по патологична анатомия
Подзаглавни данни За студенти по медицина
Редно поле (дума) Бенямин Леон Анави; под ред. на Мария Димова Златева; под ред. на Христо Миленков.
257 ## - Страна на издаване
Страна на създаване/издаване България
260 ## - Област на издателските данни
-- София
Име на издателя, разпространителя и проч. Медицина и физкултура
Година на издаване 1988
300 ## - Физическа характеристика
Страници 160 с.
Илюстрации и др. с ил., 36 л. ил.
Размери/Мащаб 24 см
380 ## - Жанр
Жанр Медицина
500 ## - Общи забележки
Забележка Други авт. : А. А. Ангелов, Т. Г. Бакърджиев, И. А. Василев, Г. П. Велев, В. И. Власов, А. Г. Гегова, Р. П. Дикова, М. А. Каменова, В. Б. Макавеева, Б. Г. Маневска, Д. Д. Марков, Е. Е. Маринов, И. Г. Михайлов, А. П. Михова, С. С. Начев, П. Т. Нешева, С. И. Николаева, Я. А. Топов, отбелязани на с. 3.
700 1# - Други автори (авторска отговорност)
Лично име Златева, Мария Димова
Автороска отговорност (Описва отношението между автора и произведението) под ред. на
9 (RLIN) 302576
700 1# - Други автори (авторска отговорност)
Лично име Миленков, Христо
Автороска отговорност (Описва отношението между автора и произведението) под ред. на
9 (RLIN) 363904
852 ## - Местоположение
Форматна сигнатура Цб 155829
856 4# - Електронен адрес и достъп
Електронен формат pdf - файл
Път до файла /url/
856 4# - Електронен адрес и достъп
Електронен формат pdf - файл
Път до файла /url/
942 ## - АРТИКУЛИ
Вид на библиотечния материал Книги
Скрит в OPAC Не
944 ## - СЪЗДАВАНЕ И РЕДАКЦИЯ на ЗАПИСА
Създаване/Редакция Създаване
Дата на регистрацията/редакция 08.11.2017
Служител, извършил регистрацията/редакцията Нора_Радева
944 ## - СЪЗДАВАНЕ И РЕДАКЦИЯ на ЗАПИСА
Създаване/Редакция Редакция
Дата на регистрацията/редакция 08.11.2017
Служител, извършил регистрацията/редакцията Нора_Радева
999 ## - СИСТЕМНИ КОНТРОЛНИ НОМЕРА
Koha biblionumber 204420
Koha biblioitemnumber 204420
Наличности
Код за отписване Код за изгубен артикул Източник на класификационната схема Код за повреда Коз за рестрикции Код за отдаване Артикулен № Име на библиотеката - собственик Име на библиотеката, в която се намира в момента Статус (Текущо местоположение) Дата на вписване в системата Местоположение - отдел Цена в лева Инвентарен номер Систематично азбучна сигнатура Баркод Номер на екземпляра Цена в евро Служебна бележка Служебен тип на артикула
  Не е изгубен Universal Decimal Classification Не е повреден без рестрикции ползва се в читалня 352494 Регионална библиотека "Любен Каравелов" Русе Регионална библиотека "Любен Каравелов" Русе Хранилище 1988-01-01 Хранилище 2.08 509917 Цб 155829 120000509917 1 1.06 Вид: Сф Дата: 01.01.1988 Книги
Изтеглен Не е изгубен Universal Decimal Classification Не е повреден без рестрикции заемане за дома 352495 Регионална библиотека "Любен Каравелов" Русе Регионална библиотека "Любен Каравелов" Русе Заемна - подръчен фонд 1988-01-01 Заемна - подръчен фонд 2.08 510968 П 616-091/Р 97 510968 2 1.06 Вид: Сф Дата: 01.01.1988 Книги
Изтеглен Не е изгубен Universal Decimal Classification Не е повреден без рестрикции заемане за дома 352496 Регионална библиотека "Любен Каравелов" Русе Регионална библиотека "Любен Каравелов" Русе Заемна - подръчен фонд 1988-01-01 Заемна - подръчен фонд 2.08 510966 П 616-091/Р 97 510966 3 1.06 Вид: Сф Дата: 01.01.1988 Книги
Vip Innovations Ltd, Rousse, Bulgaria 2025